[Event "Masters"]
[Site "Clichy"]
[Date "1998.??.??"]
[Round "6"]
[White "Berthelot, Yannick"]
[Black "Murrey, Yaacov"]
[Result "1/2-1/2"]
[WhiteElo "2285"]
[BlackElo "2420"]
[PlyCount "52"]
[EventDate "1998.??.??"]

1. e4 e5 2. Nf3 Nc6 3. d4 exd4 4. Nxd4 Bc5 5. Nxc6 Qf6 6. Qd2 Qxc6 7. Bd3 Ne7
8. O-O O-O 9. b4 Bd4 10. c3 Bf6 11. f4 d6 12. Qe2 Bxc3 13. Nxc3 Qxc3 14. Bb2
Qxb4 15. f5 Re8 16. Rab1 Nc6 17. Kh1 Nd4 18. Qh5 c5 19. Rf4 Re5 20. Rh4 h6 21.
h3 Bxf5 22. exf5 Re1+ 23. Rxe1 Qxe1+ 24. Kh2 Qe5+ 25. Kh1 Qe1+ 26. Kh2 Qe5+
1/2-1/2

[Event "Masters"]
[Site "Clichy"]
[Date "1998.??.??"]
[Round "6"]
[White "Montheard, Xavier"]
[Black "Lukov, Valentin"]
[Result "0-1"]
[WhiteElo "2220"]
[BlackElo "2470"]
[PlyCount "124"]
[EventDate "1998.??.??"]

1. e4 c5 2. Nf3 Nc6 3. d4 cxd4 4. Nxd4 Qc7 5. Nc3 e6 6. g3 a6 7. Bg2 d6 8. O-O
Bd7 9. Re1 Be7 10. Nxc6 Bxc6 11. a4 Nf6 12. a5 O-O 13. Be3 Nd7 14. Na4 Rae8 15.
Nb6 f5 16. exf5 Bxg2 17. Kxg2 Qc6+ 18. Qf3 Qxf3+ 19. Kxf3 Rxf5+ 20. Kg2 Nxb6
21. Bxb6 Bf6 22. Rad1 d5 23. c3 Re5 24. Rxe5 Bxe5 25. Kf3 Kf7 26. Ke3 Rc8 27.
Ra1 Bd6 28. Ra4 h5 29. c4 dxc4 30. Kd4 Be7 31. Kc3 Bf6+ 32. Bd4 Bd8 33. Bb6
Bxb6 34. axb6 Rc6 35. Rxc4 Rxb6 36. Rf4+ Ke7 37. h4 Rb5 38. Rc4 Kd6 39. b4 Rf5
40. f4 Kd7 41. Rd4+ Rd5 42. Re4 b6 43. Re3 Ke7 44. Re4 Kf6 45. Rc4 a5 46. bxa5
bxa5 47. Rc7 g6 48. Ra7 Kf5 49. Ra6 Kg4 50. Rxe6 Kxg3 51. Re5 Rd6 52. Rxa5 Kxh4
53. Rg5 Kh3 54. Kc2 h4 55. Kc1 Kh2 56. Kc2 h3 57. Rg4 Kh1 58. Kc3 h2 59. Kc2
Rd4 60. Kc3 Rd6 61. Kc2 Ra6 62. Kd2 Ra2+ 0-1

[Event "Masters"]
[Site "Clichy"]
[Date "1998.??.??"]
[Round "7"]
[White "Lukov, Valentin"]
[Black "Verat, Laurent"]
[Result "1/2-1/2"]
[WhiteElo "2470"]
[BlackElo "2300"]
[PlyCount "54"]
[EventDate "1998.??.??"]

1. Nf3 Nf6 2. c4 e6 3. g3 d5 4. b3 Be7 5. Bg2 O-O 6. O-O b6 7. Bb2 Bb7 8. d3 c5
9. e3 Nc6 10. Qe2 dxc4 11. bxc4 Qc7 12. Nc3 a6 13. Rfd1 Rab8 14. Rab1 Na7 15.
a4 Bc6 16. Ba1 b5 17. axb5 axb5 18. cxb5 Nxb5 19. Nxb5 Rxb5 20. Rxb5 Bxb5 21.
Ne5 Nd7 22. Qb2 Bf6 23. Qxb5 Bxe5 24. Bxe5 Nxe5 25. Rc1 Rb8 26. Qxc5 Qxc5 27.
Rxc5 Nxd3 1/2-1/2

[Event "Masters"]
[Site "Clichy"]
[Date "1998.??.??"]
[Round "7"]
[White "Georghiou, Paul"]
[Black "Montheard, Xavier"]
[Result "1-0"]
[WhiteElo "2245"]
[BlackElo "2220"]
[PlyCount "27"]
[EventDate "1998.??.??"]

1. d4 Nf6 2. Nf3 c5 3. c3 e6 4. Bg5 Be7 5. Nbd2 d5 6. e3 b6 7. Bd3 Nfd7 8. Bxe7
Qxe7 9. e4 Ba6 10. Qe2 Bxd3 11. Qxd3 O-O 12. O-O dxe4 13. Qxe4 Na6 14. Qb7 1-0

[Event "Masters"]
[Site "Clichy"]
[Date "1998.??.??"]
[Round "7"]
[White "Murrey, Yaacov"]
[Black "Bergez, Luc"]
[Result "1/2-1/2"]
[WhiteElo "2420"]
[BlackElo "2380"]
[PlyCount "138"]
[EventDate "1998.??.??"]

1. d4 Nf6 2. c4 g6 3. Nc3 Bg7 4. e4 O-O 5. Be3 d6 6. f3 Nc6 7. Nge2 a6 8. Qd2
Rb8 9. h4 b5 10. h5 e6 11. hxg6 fxg6 12. Nf4 b4 13. Nce2 e5 14. dxe5 dxe5 15.
Qxd8 Nxd8 16. Nd5 Rf7 17. Nc1 Nh5 18. Ba7 Rb7 19. Bf2 Be6 20. Nd3 a5 21. Nc5
Rb8 22. O-O-O Ra8 23. Bh4 Bf8 24. Nd3 Nc6 25. g4 Nf4 26. N3xf4 exf4 27. Bg5 Bd6
28. Kb1 Be5 29. c5 Nd4 30. Bg2 Re8 31. Rd3 Bc8 32. Bxf4 Ba6 33. Rxd4 Bxd4 34.
Rd1 Bxc5 35. g5 Rc8 36. Bh3 Re8 37. Nf6+ Kf8 38. Nd7+ Ke7 39. Nxc5 Rxf4 40.
Rd7+ Kf8 41. Ne6+ Rxe6 42. Bxe6 Rxf3 43. Bd5 Bd3+ 44. Kc1 Rf4 45. Kd2 c6 46.
Ke3 Rg4 47. Bxc6 Bc4 48. b3 Be6 49. Rxh7 Rxg5 50. Ra7 Rc5 51. Ba8 g5 52. Kd4
Rc2 53. Ke5 Bf7 54. Rxa5 Rf2 55. a3 g4 56. axb4 g3 57. Kd4 Rb2 58. Rg5 Rxb3 59.
b5 Ke7 60. Bc6 Kf6 61. Rf5+ Ke7 62. Kc5 Be6 63. Rf1 Bd7 64. Bxd7 Kxd7 65. Rf7+
Ke6 66. Rg7 Ke5 67. Kc4 Re3 68. b6 Rxe4+ 69. Kb5 Kf4 1/2-1/2

[Event "Masters"]
[Site "Clichy"]
[Date "1998.??.??"]
[Round "7"]
[White "Vigus, James"]
[Black "Berthelot, Yannick"]
[Result "1-0"]
[WhiteElo "2260"]
[BlackElo "2285"]
[PlyCount "73"]
[EventDate "1998.??.??"]

1. f4 d5 2. Nf3 Nf6 3. g3 g6 4. Bg2 Bg7 5. O-O O-O 6. d3 b6 7. c4 e6 8. Nc3 Bb7
9. Ne5 Qc8 10. e4 dxe4 11. dxe4 Nfd7 12. Nxd7 Qxd7 13. Be3 Qxd1 14. Rfxd1 Bxc3
15. bxc3 f5 16. e5 Bxg2 17. Kxg2 Nc6 18. Rd7 Rf7 19. Rad1 Re8 20. R7d3 Ree7 21.
c5 b5 22. Kf3 Kf8 23. Ke2 Ke8 24. Rb1 a6 25. c4 b4 26. a3 bxa3 27. Rxa3 a5 28.
Bd2 Rd7 29. Bxa5 Rd4 30. Rb7 Kd8 31. Bc3 Rxc4 32. Rb5 Rd7 33. Ra8+ Ke7 34. Rb3
Rxc5 35. Rh8 Nd4+ 36. Bxd4 Rxd4 37. Rxh7+ 1-0

[Event "Masters"]
[Site "Clichy"]
[Date "1998.??.??"]
[Round "7"]
[White "Bellaiche, Anthony"]
[Black "Grimberg, Gilbert"]
[Result "1/2-1/2"]
[WhiteElo "2080"]
[BlackElo "2230"]
[PlyCount "107"]
[EventDate "1998.??.??"]

1. d4 d6 2. Nf3 g6 3. c3 Nf6 4. Nbd2 Bg7 5. e4 O-O 6. Bd3 Nbd7 7. O-O e5 8. Re1
Re8 9. Nf1 a6 10. Qc2 b6 11. Bd2 Bb7 12. Rad1 Qe7 13. Ng3 Qf8 14. h4 h5 15. a4
Nh7 16. b4 Bf6 17. dxe5 Nxe5 18. Nxe5 dxe5 19. Nf1 Bxh4 20. Ne3 Bd8 21. f3 Bh4
22. Re2 Rad8 23. Bc4 c6 24. g4 b5 25. Bb3 Ng5 26. Kg2 Ne6 27. Bxe6 Rxe6 28. Rh1
Bg5 29. gxh5 Red6 30. Bc1 Bf4 31. Ng4 Bc8 32. Bxf4 exf4 33. e5 Bf5 34. Qa2 Rd1
35. Rxd1 Rxd1 36. hxg6 Bxg4 37. gxf7+ Kg7 38. fxg4 Qh8 39. Kf3 Rd3+ 40. Kxf4
Qh6+ 41. Ke4 Qg6+ 42. Kf4 Qh6+ 43. Ke4 Qg6+ 44. Kf4 Rxc3 45. axb5 Qd3 46. f8=Q+
Kxf8 47. Qd2 Qc4+ 48. Kg5 Qg8+ 49. Kf4 Qf7+ 50. Ke4 Rc4+ 51. Kd3 Qd5+ 52. Ke3
Qxe5+ 53. Kf3 Qf6+ 54. Kg3 1/2-1/2

[Event "Masters"]
[Site "Clichy"]
[Date "1998.??.??"]
[Round "8"]
[White "Georghiou, Paul"]
[Black "Bellaiche, Anthony"]
[Result "1-0"]
[WhiteElo "2245"]
[BlackElo "2080"]
[PlyCount "81"]
[EventDate "1998.??.??"]

1. d4 Nf6 2. Nf3 g6 3. c4 Bg7 4. Nc3 O-O 5. Bg5 d6 6. e3 Nbd7 7. Be2 c6 8. O-O
Qc7 9. Qc2 e5 10. Rad1 Re8 11. b4 Nf8 12. Bh4 Bf5 13. Qb3 Ne4 14. Nxe4 Bxe4 15.
dxe5 dxe5 16. Nd2 Bf5 17. c5 Nd7 18. Bc4 Nf6 19. f3 Rf8 20. e4 Bd7 21. Qc3 Rae8
22. Bb3 Nh5 23. Nc4 Nf4 24. Qb2 Be6 25. Rd6 Bxc4 26. Bxc4 b6 27. Qd2 bxc5 28.
bxc5 Bh6 29. Kh1 Bg7 30. Rd7 Qb8 31. Be7 Rxe7 32. Rxe7 Bf6 33. Rd7 Bg5 34. Qc3
Nh5 35. Qb3 Qe8 36. Rfd1 Nf4 37. g3 Nd5 38. Rxa7 Ne3 39. Rdd7 Kh8 40. Bxf7 Qc8
41. Be6 1-0

[Event "Masters"]
[Site "Clichy"]
[Date "1998.??.??"]
[Round "8"]
[White "Bergez, Luc"]
[Black "Vigus, James"]
[Result "1-0"]
[WhiteElo "2380"]
[BlackElo "2260"]
[PlyCount "63"]
[EventDate "1998.??.??"]

1. e4 d6 2. d4 Nf6 3. Nc3 g6 4. f4 Bg7 5. Nf3 c5 6. dxc5 Qa5 7. Bd3 Qxc5 8. Qe2
Bg4 9. Be3 Qa5 10. O-O O-O 11. Kh1 Nc6 12. Bd2 Qd8 13. Qe1 Bxf3 14. Rxf3 e6 15.
Rd1 Qe7 16. Be3 d5 17. exd5 exd5 18. Qg1 Rfd8 19. Bb5 Qb4 20. Bc5 Qa5 21. Bxc6
bxc6 22. f5 Ne4 23. Be7 Re8 24. f6 Ng5 25. Re3 Ne6 26. Qe1 d4 27. Rxe6 dxc3 28.
fxg7 fxe6 29. Qxe6+ Kxg7 30. Rd7 Rxe7 31. Qxe7+ Kh6 32. g4 1-0

[Event "Masters"]
[Site "Clichy"]
[Date "1998.??.??"]
[Round "8"]
[White "Grimberg, Gilbert"]
[Black "Murrey, Yaacov"]
[Result "0-1"]
[WhiteElo "2230"]
[BlackElo "2420"]
[PlyCount "88"]
[EventDate "1998.??.??"]

1. d4 Nf6 2. Nf3 d6 3. Nc3 d5 4. Qd3 g6 5. e4 dxe4 6. Nxe4 Nxe4 7. Qxe4 Bg7 8.
Qh4 Nc6 9. Bh6 Bf6 10. Bg5 Bxg5 11. Qxg5 Qd6 12. O-O-O Bf5 13. Bc4 O-O-O 14.
Bxf7 e6 15. d5 Nb4 16. Bxe6+ Bxe6 17. dxe6 Qxe6 18. Nd2 Rd5 19. Qe3 Nxa2+ 20.
Kb1 Qxe3 21. fxe3 Rhd8 22. Kxa2 Rxd2 23. Rxd2 Rxd2 24. Kb3 Rxg2 25. Kc3 Kd7 26.
Kd3 Ke6 27. b4 a6 28. c3 g5 29. h3 h5 30. Ke4 Ra2 31. Rf1 Rc2 32. Kd3 Rh2 33.
Rf3 Rg2 34. Ke4 g4 35. hxg4 Rxg4+ 36. Kd3 Rg8 37. Rh3 Rh8 38. Ke4 h4 39. Kf4 b6
40. e4 a5 41. bxa5 bxa5 42. c4 c5 43. e5 a4 44. Ke4 Rd8 0-1

[Event "Masters"]
[Site "Clichy"]
[Date "1998.??.??"]
[Round "8"]
[White "Berthelot, Yannick"]
[Black "Lukov, Valentin"]
[Result "1/2-1/2"]
[WhiteElo "2285"]
[BlackElo "2470"]
[PlyCount "53"]
[EventDate "1998.??.??"]

1. e4 c5 2. Nf3 Nc6 3. d4 cxd4 4. Nxd4 Qc7 5. Nb5 Qb8 6. c4 Nf6 7. N5c3 g6 8.
Bg5 Bg7 9. Qd2 b6 10. f3 Bb7 11. Nd5 Ng8 12. Nbc3 e6 13. Bf4 Ne5 14. Nb4 Ne7
15. Nb5 O-O 16. Qd6 N7c6 17. a3 Rd8 18. Qxb8 Raxb8 19. Nd6 Kf8 20. O-O-O Ke7
21. Be2 Nxb4 22. axb4 f5 23. exf5 gxf5 24. Rd2 Bf6 25. Rhd1 Ng6 26. Bh6 Ba8 27.
g3 1/2-1/2

[Event "Masters"]
[Site "Clichy"]
[Date "1998.??.??"]
[Round "8"]
[White "Montheard, Xavier"]
[Black "Verat, Laurent"]
[Result "1/2-1/2"]
[WhiteElo "2220"]
[BlackElo "2300"]
[PlyCount "25"]
[EventDate "1998.??.??"]

1. e4 c6 2. d4 d5 3. exd5 cxd5 4. c4 Nf6 5. Nc3 e6 6. Nf3 Be7 7. cxd5 Nxd5 8.
Bd3 O-O 9. O-O Nc6 10. Re1 Bf6 11. Be4 Nce7 12. h4 Nf5 13. Bg5 1/2-1/2

[Event "Masters"]
[Site "Clichy"]
[Date "1998.??.??"]
[Round "9"]
[White "Murrey, Yaacov"]
[Black "Georghiou, Paul"]
[Result "1-0"]
[WhiteElo "2420"]
[BlackElo "2245"]
[PlyCount "69"]
[EventDate "1998.??.??"]

1. e4 c6 2. d4 d5 3. f3 e6 4. Nc3 Nf6 5. e5 Nfd7 6. f4 c5 7. Nf3 Nc6 8. Be3 a6
9. a3 b5 10. g3 Bb7 11. Bg2 Nb6 12. b3 cxd4 13. Nxd4 Rc8 14. Nce2 g6 15. Nxc6
Rxc6 16. Nd4 Rc8 17. O-O Nd7 18. Qe1 Nc5 19. g4 Bg7 20. Rd1 Qe7 21. Bd2 h5 22.
f5 exf5 23. gxf5 Qxe5 24. f6 Ne4 25. fxg7 Qxd4+ 26. Be3 Qxg7 27. Bd4 Qh6 28.
Bxh8 Qxh8 29. c4 bxc4 30. Qb4 Bc6 31. bxc4 d4 32. Bxe4 Bxe4 33. Rde1 f5 34.
Rxe4+ fxe4 35. Qb7 1-0

[Event "Masters"]
[Site "Clichy"]
[Date "1998.??.??"]
[Round "9"]
[White "Vigus, James"]
[Black "Grimberg, Gilbert"]
[Result "1/2-1/2"]
[WhiteElo "2260"]
[BlackElo "2230"]
[PlyCount "81"]
[EventDate "1998.??.??"]

1. Nf3 d5 2. d4 e6 3. c4 c5 4. cxd5 exd5 5. Nc3 Nc6 6. g3 Nf6 7. Bg2 Be7 8. O-O
O-O 9. Bg5 cxd4 10. Nxd4 h6 11. Be3 Re8 12. Rc1 Bg4 13. h3 Be6 14. Nxc6 bxc6
15. Na4 Qd7 16. Kh2 Bf5 17. Bc5 Bd8 18. Bd4 Ne4 19. e3 Bc7 20. Nc5 Qd6 21. Nxe4
Bxe4 22. Qg4 f6 23. Bc5 Qe5 24. Bxe4 Qxe4 25. Qd7 Be5 26. Qxc6 Bxb2 27. Rcd1
Red8 28. Qb7 Be5 29. Kg1 Rac8 30. Be7 Rc7 31. Qb4 Qxb4 32. Bxb4 Rc2 33. Rd2
Rxd2 34. Bxd2 Rb8 35. Rd1 Rb2 36. a3 Kf7 37. Bb4 Ke6 38. Kg2 Rc2 39. Kf3 h5 40.
Bf8 Kf7 41. Bb4 1/2-1/2

[Event "Masters"]
[Site "Clichy"]
[Date "1998.??.??"]
[Round "9"]
[White "Verat, Laurent"]
[Black "Berthelot, Yannick"]
[Result "1-0"]
[WhiteElo "2300"]
[BlackElo "2285"]
[PlyCount "75"]
[EventDate "1998.??.??"]

1. d4 Nf6 2. c4 g6 3. Nf3 Bg7 4. Nc3 d6 5. g3 O-O 6. Bg2 Nbd7 7. O-O e5 8. e4
c6 9. h3 Qb6 10. c5 dxc5 11. dxe5 Ne8 12. e6 fxe6 13. Ng5 Ne5 14. f4 Nf7 15.
Nxf7 Bd4+ 16. Kh1 Rxf7 17. e5 Qc7 18. Ne4 b6 19. Ng5 Re7 20. Qb3 Ng7 21. g4 Ba6
22. Re1 Rd8 23. Ne4 Kh8 24. Nf6 Bf2 25. Rd1 Rxd1+ 26. Qxd1 Bd4 27. Qe1 Bd3 28.
Qh4 Ne8 29. Bd2 Bxb2 30. Re1 c4 31. f5 exf5 32. Bg5 Bxe5 33. Qh6 Nxf6 34. Bxf6+
Kg8 35. Bxe7 Qxe7 36. Qe3 Be4 37. Bxe4 fxe4 38. Qxe4 1-0

[Event "Masters"]
[Site "Clichy"]
[Date "1998.??.??"]
[Round "9"]
[White "Bellaiche, Anthony"]
[Black "Montheard, Xavier"]
[Result "0-1"]
[WhiteElo "2080"]
[BlackElo "2220"]
[PlyCount "124"]
[EventDate "1998.??.??"]

1. d4 Nf6 2. c4 c5 3. Nf3 cxd4 4. Nxd4 e5 5. Nb5 d5 6. cxd5 Bc5 7. N5c3 O-O 8.
h3 e4 9. e3 Nbd7 10. a3 Re8 11. b4 Bd6 12. Bb2 a5 13. Nb5 Ne5 14. Nxd6 Qxd6 15.
Nc3 axb4 16. Nb5 Qd7 17. d6 Ra5 18. Nc7 Rd8 19. axb4 Rxa1 20. Bxa1 Nd3+ 21.
Bxd3 Qxd6 22. O-O exd3 23. Nb5 Qxb4 24. Bxf6 gxf6 25. Nd4 Be6 26. Qf3 Kg7 27.
Qg3+ Kh8 28. Rd1 Rg8 29. Qf4 Rg6 30. Nxe6 Qb3 31. Rd2 Qxe6 32. Kh1 Qc6 33. Qf3
Qc3 34. Qd1 Qc6 35. Qf3 Qc4 36. Kh2 b5 37. Qf5 b4 38. Qxd3 Qc6 39. Qd5 Qc7+ 40.
f4 Kg7 41. Qb3 Qb7 42. Qd5 Qc7 43. Qe4 b3 44. Rb2 Qc3 45. Qd4 Qe1 46. Qd2 Qxd2
47. Rxd2 f5 48. Rb2 Rb6 49. Kg3 Kf6 50. Kf3 Ke6 51. Ke2 Kd5 52. Kd3 h5 53. g3
Rb7 54. g4 fxg4 55. e4+ Kc5 56. hxg4 hxg4 57. Kc3 Rb4 58. Kd3 Rd4+ 59. Ke3 Rb4
60. Kd3 g3 61. Kc3 Rxe4 62. Kxb3 Rb4+ 0-1